| 000 | 00515 a2200205 4500 | ||
|---|---|---|---|
| 005 | 20260422120946.0 | ||
| 008 | 260422b |||||||| |||| 00| 0 eng d | ||
| 020 |
_a9789388334839 _cRs. 795.00 |
||
| 040 | _aMAIN | ||
| 082 |
_a324.954 _bA38O |
||
| 100 | _aAggarawala, Adish C, | ||
| 245 | _aOne nation one election | ||
| 250 | _a | ||
| 260 |
_b Bright Law House _c2025 _aNew Delhi |
||
| 300 | _axi, 190 | ||
| 650 | _aPolitical Science | ||
| 650 | _aElections | ||
| 700 | _aLudri, Amit, ed. | ||
| 942 | _cBK | ||
| 999 |
_c396123 _d396123 |
||